Bed Rest - Conan Gray - All Lyrics - Statistics

General Stats
  • This quiz has been taken 31 times
  • The average score is 181 of 204
Answer Stats
Answer % Correct
a
100%
And
100%
and
100%
be
100%
bed
100%
but
100%
But
100%
did
100%
do
100%
I
100%
I'm
100%
need
100%
now
100%
of
100%
Oh,
100%
(Ooh-Ooh)
100%
rest
100%
some
100%
that
100%
the
100%
things
100%
We
100%
we
100%
You
100%
you
100%
your
100%
could
93%
didn't
93%
Don't
93%
knew
93%
know
93%
me
93%
my
93%
this
93%
to
93%
try
93%
what
93%
all
87%
at
87%
come
87%
days
87%
from
87%
I'll
87%
just
87%
look
87%
lot
87%
love
87%
never
87%
same
87%
side
87%
there's
87%
time
87%
too
87%
up
87%
us
87%
way
87%
we're
87%
wish
87%
address
80%
almost
80%
ashamed
80%
back
80%
both
80%
can't
80%
dead
80%
Forget
80%
forget
80%
little
80%
maybe
80%
name
80%
once
80%
or
80%
our
80%
Our
80%
reckless,
80%
see
80%
tell
80%
those
80%
was
80%
We'll
80%
crazy,
73%
ended
73%
gonna
73%
honestly
73%
honestly,
73%
Lies
73%
senses,
73%
sweeter
73%
true
73%
what's
73%
while
73%
afraid
67%
after
67%
although
67%
fade
67%
fake
67%
filling
67%
hope
67%
longer
67%
mend
67%
room
67%
run
67%
trainwrecks
67%
bruises
60%
miles
60%
promise
53%
No matching quizzes found
Score Distribution
Percent of People with Each Score
Percentile by Number Answered
Your Score History
You have not taken this quiz